| 000 | 00342nam a2200145Ia 4500 | ||
|---|---|---|---|
| 008 | 230312s9999||||xx |||||||||||||| ||und|| | ||
| 020 | _a0-397-44598-9 | ||
| 082 |
_a617.954 _bSTA-O |
||
| 100 | _aStarzl;Thomas,E | ||
| 245 | 0 | _aOrgan Transplantation | |
| 260 |
_bGower _aUSA _c1992 |
||
| 300 | _a400 | ||
| 650 |
_aMedical _vSurgery |
||
| 942 | _cBK | ||
| 999 |
_c2686 _d2686 |
||